[Event "AUT-ch Open 2020"]
[Site "Graz"]
[Date "2020.02.20"]
[Round "8.30"]
[White "Drnovsek, Gal"]
[Black "Danner, Georg"]
[Result "0-1"]
[WhiteElo "2295"]
[BlackElo "2295"]
[Annotator "TA"]
[PlyCount "82"]
[EventDate "2020.02.14"]
[EventType "swiss"]
[EventCountry "AUT"]
[SourceTitle "playchess.com"]
[Source "ChessBase"]
[SourceQuality "1"]

{[%evp 9,82,20,27,23,24,18,14,-35,16,0,45,0,10,-31,-28,-25,-35,-32,-29,-48,-32,-35,-36,-97,-70,-49,-59,-69,0,-20,-25,-21,-16,-16,-16,-14,-17,-22,-16,-81,-89,-87,-80,-72,-80,-103,-105,-94,-95,-153,-137,-132,-132,-140,-122,-154,-137,-137,-114,-175,-167,-216,-215,-207,-212,-215,-215,-372,-360,-517,-517,-510,-510,-491,-462]} 1. d4 f5 2. Bg5 g6 3. Nc3 Nh6 4. e4 fxe4 5. Nxe4 d5 {[#] aiming for ...Nf7.} 6. Ng3 {A80: Dutch Defence: Unusual White second moves.} Bg7 7. Nf3 Nf7 8. Bf4 {The position is equal.} Bg4 ({Better is} 8... O-O $15) 9. Be2 $11 {[#]} c5 $146 ({Predecessor:} 9... Nc6 10. c3 O-O 11. O-O Qd7 12. h3 Be6 13. Ng5 Nxg5 14. Bxg5 h6 15. Bd2 Bf5 16. Nxf5 Qxf5 {½-½ (44) Kahe,R (2147)-Will,M (2024) Germany 2016}) 10. c4 Nc6 11. cxd5 Bxf3 12. Bxf3 Nxd4 13. O-O O-O 14. Be3 Nxf3+ 15. Qxf3 b6 16. Qe4 (16. Rab1 $15) 16... Qd7 17. Rab1 Nd6 18. Qd3 c4 (18... Rad8 $15) 19. Qd2 Rac8 20. Rfd1 c3 21. bxc3 Nc4 $36 {[%mdl 2048] White is under pressure.} 22. Qe2 Nxe3 23. Qxe3 Rxc3 24. Qe6+ (24. Qe4 $11 {remains equal.}) 24... Qxe6 $17 {Black converts the advantage convincingly.} 25. dxe6 Rc6 26. Rbc1 Rxe6 27. Rc7 a5 28. f3 Be5 29. Rb7 (29. Rc2 $142) 29... Bxg3 30. hxg3 {[%mdl 4096] Endgame KRR-KRR} Rc8 31. Rd2 h5 32. Kf2 Kf7 33. Rb2 Rcc6 34. a4 (34. g4 $17 {is a better defense.}) 34... Kf6 $19 35. Re2 Rxe2+ 36. Kxe2 {KR-KR} Rc2+ 37. Ke3 Rb2 ({Don't play} 37... Rxg2 38. Rxb6+ e6 39. Rb5 $17) 38. Ke4 $2 {[#]} (38. Rb8) 38... e6 39. g4 (39. Ke3 {was worth a try.}) 39... hxg4 {Black is clearly winning.} 40. fxg4 Rxg2 41. Kf3 Rb2 {Accuracy: White = 53%, Black = 87%.} 0-1

[Event "AUT-ch Open 2020"]
[Site "Graz"]
[Date "2020.02.20"]
[Round "8.31"]
[White "Ohanyan, Emin"]
[Black "Secheres, Adrian-Simion"]
[Result "1-0"]
[WhiteElo "2209"]
[BlackElo "2209"]
[Annotator "NA"]
[PlyCount "59"]
[EventDate "2020.02.14"]
[EventType "swiss"]
[EventCountry "AUT"]
[SourceTitle "playchess.com"]
[Source "ChessBase"]
[SourceQuality "1"]
[TimeControl "40/5400+30:1800+30"]

1. e4 {[%emt 0:00:00]} c5 {[%emt 0:00:02]} 2. Nf3 {[%emt 0:00:00]} Nc6 {[%emt 0:00:20]} 3. Nc3 {[%emt 0:00:00]} g6 {[%emt 0:00:16]} 4. d4 {[%emt 0:00:00]} cxd4 {[%emt 0:00:06]} 5. Nxd4 {[%emt 0:00:00]} Bg7 {[%emt 0:00:08]} 6. Be3 {[%emt 0:00:00]} Nf6 {[%emt 0:00:17]} 7. Bc4 {[%emt 0:00:07]} O-O {[%emt 0:00:15]} 8. Bb3 {[%emt 0:00:04]} d5 {[%emt 0:00:34]} 9. exd5 {[%emt 0:01:34]} Na5 {[%emt 0:00:08]} 10. Qd2 {[%emt 0:01:40]} a6 {[%emt 0:05:18]} 11. Bh6 {[%emt 0:18:36]} Bxh6 {[%emt 0:10:14]} 12. Qxh6 {[%emt 0:00:04]} b5 {[%emt 0:02:14]} 13. O-O-O {[%emt 0:17:37]} Bb7 {[%emt 0:07:18]} 14. Rd3 {[%emt 0:11:58]} Nxb3+ {[%emt 0:06:30]} 15. axb3 {[%emt 0:02:07]} b4 {[%emt 0:08:19]} 16. Nf5 {[%emt 0:23:34]} gxf5 {[%emt 0:00:54]} 17. Rg3+ {[%emt 0:03:18]} Ng4 {[%emt 0:00:13]} 18. Ne4 {[%emt 0:04:25]} f6 {[%emt 0:01:04]} 19. h3 {[%emt 0:00:38]} Rf7 {[%emt 0:00:59]} 20. Nc5 {[%emt 0:02:27]} Bxd5 {[%emt 0:07:53]} 21. hxg4 {[%emt 0:01:11]} f4 {[%emt 0:00:05]} 22. Qxf4 {[%emt 0:00:08]} Qa5 {[%emt 0:00:39]} 23. Na4 {[%emt 0:01:48]} Rg7 {[%emt 0:08:21]} 24. g5 {[%emt 0:01:57]} f5 {[%emt 0:00:55]} 25. Qxf5 {[%emt 0:01:19]} e6 {[%emt 0:02:06]} 26. Qd3 {[%emt 0:03:22]} Qc7 {[%emt 0:08:43]} 27. g6 {[%emt 0:01:12]} Qf4+ {[%emt 0:02:08]} 28. Kb1 {[%emt 0:00:26]} hxg6 {[%emt 0:07:25]} 29. Rxg6 {[%emt 0:00:29]} Raa7 {[%emt 0:00:15]} 30. Qh3 {[%emt 0:01:13]} 1-0

[Event "AUT-ch Open 2020"]
[Site "Graz"]
[Date "2020.02.20"]
[Round "8.32"]
[White "Regez, Markus"]
[Black "Tomazini, Zan"]
[Result "0-1"]
[WhiteElo "2144"]
[BlackElo "2144"]
[Annotator "TA"]
[PlyCount "80"]
[EventDate "2020.02.14"]
[EventType "swiss"]
[EventCountry "AUT"]
[SourceTitle "playchess.com"]
[Source "ChessBase"]
[SourceQuality "1"]

{[%evp 9,80,-15,-13,-8,-10,-22,-4,-27,-30,-31,-31,-40,14,-11,15,-34,-35,-30,-23,-33,-21,-18,-20,-35,-29,-77,-75,-98,-90,-87,-47,-41,-6,-10,-25,-78,-77,-83,0,-92,-83,-88,-63,-146,-124,-119,-149,-168,-152,-230,-218,-319,-253,-273,-282,-278,-260,-226,-218,-241,-167,-672,-654,-786,-769,-735,-700,-1047,-1017,-1090,-1071,-954,-907]} 1. d4 Nf6 2. Nc3 d5 3. Bg5 h6 4. Bxf6 exf6 5. e3 Bb4 6. Nge2 {D01: Veresov Opening.} c6 7. a3 {[#]} Ba5 $146 ({Predecessor:} 7... Bd6 8. Ng3 O-O 9. Bd3 g6 10. Nce2 Nd7 11. O-O f5 12. Re1 Nf6 13. c4 Re8 {½-½ (30) Jarabinsky,M (2217)-Mut Company,G (2290) ICCF email 2012}) 8. g3 {The position is equal.} Bg4 9. Bg2 Bxc3+ 10. bxc3 Qa5 ({Black should play} 10... Nd7 $15) 11. O-O (11. Qb1 $5 {[%cal Rb1b7]}) 11... O-O 12. f3 (12. h3 $5 {[%cal Rh3g4]} Bf5 13. c4 $11) 12... Bf5 13. c4 dxc4 14. e4 Bc8 15. a4 Rd8 16. c3 Nd7 {[%cal Bb8d7,Bd7b6,Bb6a4][%mdl 32]} 17. Qc2 Nb6 18. Nf4 Bd7 19. Kh1 c5 20. dxc5 $1 Nxa4 21. Nd5 {[#] And now c6! would win.} b5 22. cxb6 (22. c6 $11 Be6 23. f4) 22... axb6 $17 23. f4 Qc5 (23... b5 $17) 24. Nb4 (24. e5 $11) 24... b5 {Black converts the advantage convincingly.} 25. e5 Rac8 26. exf6 (26. Rae1 $15) 26... Bf5 27. Qc1 gxf6 28. Ra2 Kg7 29. h3 {[#]} (29. Rg1 $17) 29... Re8 $1 $19 30. Re1 (30. Rd2 $142 Bd3 31. Rg1) 30... Rcd8 {...Rxe1+ is the strong threat.} 31. g4 Bd3 32. Bf3 Qc7 33. Rxe8 Rxe8 34. Nd5 Qc6 {White must now prevent ...Nb6.} 35. Rg2 $2 (35. g5 fxg5 36. fxg5) 35... Nb6 {Black is clearly winning.} 36. g5 Nxd5 37. gxh6+ Kh8 38. Qg1 Qe6 39. Kh2 Nxf4 {[%csl Gf4][%cal Re6h3]} 40. Rg4 Ng6 {Accuracy: White = 52%, Black = 81%.} 0-1

[Event "AUT-ch Open 2020"]
[Site "Graz"]
[Date "2020.02.20"]
[Round "8.33"]
[White "Kozak, Antoni"]
[Black "Matt, Fabian"]
[Result "1-0"]
[WhiteElo "2290"]
[BlackElo "2290"]
[Annotator "NA"]
[PlyCount "79"]
[EventDate "2020.02.14"]
[EventType "swiss"]
[EventCountry "AUT"]
[SourceTitle "playchess.com"]
[Source "ChessBase"]
[SourceQuality "1"]
[TimeControl "40/5400+30:1800+30"]

1. Nf3 {[%emt 0:00:00]} d5 {[%emt 0:00:00]} 2. e3 {[%emt 0:00:03]} Nf6 {[%emt 0:01:06]} 3. c4 {[%emt 0:00:05]} e6 {[%emt 0:01:16]} 4. b3 {[%emt 0:00:04]} c5 {[%emt 0:00:46]} 5. Bb2 {[%emt 0:02:02]} Nc6 {[%emt 0:00:26]} 6. cxd5 {[%emt 0:04:32]} exd5 {[%emt 0:00:45]} 7. d4 {[%emt 0:00:05]} cxd4 {[%emt 0:00:35]} 8. Nxd4 {[%emt 0:00:04]} Bb4+ {[%emt 0:00:28]} 9. Bc3 {[%emt 0:13:40]} Qa5 {[%emt 0:00:56]} 10. Qd2 {[%emt 0:00:18]} Bxc3 {[%emt 0:08:00]} 11. Nxc3 {[%emt 0:00:35]} Bg4 {[%emt 0:01:10]} 12. h3 {[%emt 0:02:20]} Bd7 {[%emt 0:11:13]} 13. Nxc6 {[%emt 0:09:58]} bxc6 {[%emt 0:00:27]} 14. Be2 {[%emt 0:00:36]} O-O {[%emt 0:01:27]} 15. O-O {[%emt 0:00:20]} Rac8 {[%emt 0:00:37]} 16. Rfd1 {[%emt 0:00:27]} Rfd8 {[%emt 0:10:21]} 17. Ne4 {[%emt 0:01:09]} Qxd2 {[%emt 0:04:34]} 18. Nxf6+ {[%emt 0:00:49]} gxf6 {[%emt 0:00:05]} 19. Rxd2 {[%emt 0:00:06]} a5 {[%emt 0:00:53]} 20. Rc1 {[%emt 0:00:45]} Ra8 {[%emt 0:01:28]} 21. Rd4 {[%emt 0:00:36]} Rdb8 {[%emt 0:00:22]} 22. Rf4 {[%emt 0:13:40]} f5 {[%emt 0:14:07]} 23. Bd3 {[%emt 0:06:12]} Rb4 {[%emt 0:00:49]} 24. Rf3 {[%emt 0:00:04]} Kg7 {[%emt 0:09:46]} 25. Bxf5 {[%emt 0:01:01]} Bxf5 {[%emt 0:00:02]} 26. Rxf5 {[%emt 0:00:06]} Ra6 {[%emt 0:00:05]} 27. Rg5+ {[%emt 0:02:34]} Kf6 {[%emt 0:00:11]} 28. Rg4 {[%emt 0:02:01]} Rxg4 {[%emt 0:04:34]} 29. hxg4 {[%emt 0:00:06]} Ke5 {[%emt 0:01:02]} 30. Kf1 {[%emt 0:00:56]} Kd6 {[%emt 0:00:23]} 31. Ke2 {[%emt 0:00:03]} c5 {[%emt 0:00:26]} 32. Rh1 {[%emt 0:00:47]} Ke7 {[%emt 0:02:29]} 33. Rh5 {[%emt 0:01:26]} Rd6 {[%emt 0:01:39]} 34. e4 {[%emt 0:00:27]} a4 {[%emt 0:03:07]} 35. Rxd5 {[%emt 0:00:36]} Rxd5 {[%emt 0:01:24]} 36. exd5 {[%emt 0:00:04]} axb3 {[%emt 0:00:05]} 37. axb3 {[%emt 0:00:01]} Kd6 {[%emt 0:00:05]} 38. Kd3 {[%emt 0:00:05]} Kxd5 {[%emt 0:00:04]} 39. g5 {[%emt 0:00:26]} Kc6 {[%emt 0:01:19]} 40. Ke4 {[%emt 0:00:29] Kd5+} 1-0

[Event "AUT-ch Open 2020"]
[Site "Graz"]
[Date "2020.02.20"]
[Round "8.34"]
[White "Banzea, Alexandru-Bogdan"]
[Black "Ninov, Dayan"]
[Result "1-0"]
[WhiteElo "2368"]
[BlackElo "2242"]
[Annotator "TA"]
[PlyCount "74"]
[EventDate "2020.02.14"]
[EventType "swiss"]
[EventCountry "AUT"]
[SourceTitle "playchess.com"]
[Source "ChessBase"]
[SourceQuality "1"]

{[%evp 14,79,24,31,33,0,0,-8,0,0,0,0,0,0,1,-58,-60,-112,-129,-131,-57,-116,-46,-72,0,-31,-41,-41,-47,-57,-51,-83,-46,-52,-42,-60,-38,-44,0,0,0,-126,-101,-115,-119,-114,-84,-109,-110,-107,-92,-109,42,41,95,91,108,156,107,0,0,-29997,29988,29989,29989,29990,29994,29995]} 1. e4 Nf6 2. e5 Nd5 3. d4 d6 4. c4 Nb6 5. exd6 cxd6 6. Nc3 g6 7. Be3 Bg7 8. h4 h5 {B03: Alekhine's Defence: Four Pawns Attack.} 9. Nf3 {[#]} Bg4 $146 ({Predecessor:} 9... O-O 10. Be2 Nc6 11. Qd2 Bg4 12. b3 d5 13. c5 Nc8 14. Ng1 Bxe2 15. Ngxe2 e6 16. Bh6 {1-0 (76) Titichoca Daza,D (1978)-Tobak,M (1631) Montevideo 2017}) 10. Qd2 Bxf3 {The position is equal.} 11. gxf3 Nc6 12. O-O-O d5 13. c5 Nc8 $1 14. Kb1 (14. Bg5 $11) 14... e6 $15 15. Bh3 (15. Bd3 $15) 15... b6 $17 16. Rhe1 Qd7 (16... O-O $17 17. Bg5 N8e7 18. cxb6 axb6) 17. Bg5 (17. f4 $15) 17... O-O (17... Nxd4 18. c6 $1 $16 {[%mdl 512]}) (17... Bxd4 $6 18. Nb5 $11) (17... Rb8 $17 18. Bf4 Rb7) 18. Bh6 $1 $15 {[#]} N8e7 (18... Rb8 $1 $17) 19. Ne2 Bh8 20. Bxf8 Rxf8 21. cxb6 axb6 22. Rg1 Kh7 {[%mdl 1024] Black has strong compensation.} 23. Qe3 Bg7 24. Ng3 Bh6 25. Qd3 Nb4 26. Qb3 Nbc6 {[%cal Bb4c6,Bc6a5,Ba5c4][%mdl 32]} 27. Qxb6 (27. Qd3 $11 {remains equal.}) 27... Rb8 $17 28. Qc5 {[#]} (28. Qa6 $6 Bg7 $11) 28... Qb7 $1 {[%csl Gb8][%cal Rb7b2]} 29. Qc3 Qb6 30. Ne2 Na5 31. b3 Nec6 32. f4 Bf8 $2 ({Black should play} 32... Nxb3 $17 33. axb3 Qxb3+ 34. Qxb3 Rxb3+ 35. Kc2 Rxh3) 33. f5 $14 {aiming for fxg6+.} exf5 (33... Nxb3 $14 34. fxg6+ (34. axb3 Qxb3+ 35. Qxb3 Rxb3+ 36. Kc2 Rxh3 $16) (34. Qxb3 Qa7 $17) 34... fxg6 35. axb3 Qxb3+ 36. Qxb3 Rxb3+ 37. Kc2 Rxh3) 34. Bxf5 $16 {Hoping for Rg5.} Nb4 {Strongly threatening ...Nxa2.} 35. Qf3 {Nf4 is the strong threat.} Nc4 36. Bd3 (36. Qxh5+ $16 Bh6 37. a4) 36... Qa7 $11 37. Nc1 $2 {[%mdl 8192]} (37. Nc3 $11 Bg7 38. Qxh5+ Kg8 39. Rxg6 (39. Bxg6 Nxa2 40. Nb5 Nc3+ 41. Kc2 Nxb5 $17) 39... Na3+ 40. Kc1 (40. Kb2 fxg6 41. Bxg6 Nb5 $11) 40... fxg6 41. Bxg6) 37... Na3+ 1-0

[Event "AUT-ch Open 2020"]
[Site "Graz"]
[Date "2020.02.20"]
[Round "8.36"]
[White "Sandhoefner, Florian"]
[Black "Neuschmied, Siegfried"]
[Result "0-1"]
[WhiteElo "2328"]
[BlackElo "2328"]
[Annotator "TA"]
[PlyCount "68"]
[EventDate "2020.02.14"]
[EventType "swiss"]
[EventCountry "AUT"]
[SourceTitle "playchess.com"]
[Source "ChessBase"]
[SourceQuality "1"]

{[%evp 23,114,9,12,-1,20,0,4,0,0,-5,14,17,22,21,72,82,71,-41,26,0,0,0,0,0,27,0,0,0,0,-35,-31,-45,-37,-43,-47,-72,-64,-97,-90,-92,-92,-92,-90,-108,-110,-84,-51,-108,-101,-172,-178,-171,-156,-177,-141,-223,-152,-216,-185,-224,-193,-191,-187,-951,-802,-4773,-2398,-7537,-4134,-6406,-6406,-4638,-5393,-2466,-1690,-12826,-11312,-29966,-6266,-29974,-29975,-29978,-29979,-29981,-29980,-29984,-29984,-29986,-29987,-29987,-29988,-29987,-29988]} 1. e4 Nf6 2. e5 Nd5 3. d4 d6 4. Nf3 g6 5. Be2 Bg7 6. c4 Nb6 7. exd6 cxd6 8. Nc3 O-O 9. Be3 Nc6 10. O-O Bg4 11. b3 d5 12. c5 Nc8 13. Rb1 {B04: Alekhine's Defence: 4 Nf3.} a5 14. a3 {[%cal Ba2a3,Ba3b4,Bb4b5][%mdl 32]} e6 15. b4 {The position is equal.} axb4 16. axb4 {[#]} Bxf3 $146 ({Predecessor:} 16... N6e7 17. Ne1 Bxe2 18. Nxe2 Nf5 19. Bc1 Na7 20. Qd3 Qh4 21. f4 Nc6 22. Nf3 Qe7 {1-0 (37) Mozharov,M (2557)-Emperado,E (2306) Quezon City 2014}) 17. Bxf3 Qf6 18. Ne2 $1 h6 (18... Qd8 $11 {remains equal.}) 19. b5 $16 Na5 20. Qa4 (20. Ra1 $16 {Bd2 is the strong threat.} Ne7 21. Ra4) 20... Ra7 (20... Ne7 $15) 21. Qb4 Nc4 22. Ra1 Rxa1 23. Rxa1 b6 24. Ra8 Ne7 25. Rxf8+ Bxf8 26. cxb6 Nxb6 27. Qc5 Nec8 28. Qc6 Qd8 29. Bf4 Na7 $36 {[%mdl 2048] Black has some pressure.} 30. Qc1 {[#] And now Bc7 would win.} Nxb5 31. Bxh6 Bxh6 32. Qxh6 Qf6 33. Qd2 {Hoping for Qb4.} Nc4 34. Qd3 Qe7 {Played: Qf6-g5} 0-1

[Event "AUT-ch Open 2020"]
[Site "Graz"]
[Date "2020.02.21"]
[Round "9.1"]
[White "Shevchenko, Kirill"]
[Black "Martinez Alcantara, Jose Eduardo"]
[Result "1-0"]
[WhiteElo "2580"]
[BlackElo "2617"]
[Annotator "TA"]
[PlyCount "45"]
[EventDate "2020.02.14"]
[EventType "swiss"]
[EventCountry "AUT"]
[SourceTitle "playchess.com"]
[Source "ChessBase"]
[SourceQuality "1"]

1. d4 Nf6 2. c4 e6 3. Nc3 Bb4 4. Qc2 d6 5. Nf3 Nbd7 6. e4 c5 7. Bd2 cxd4 8. Nxd4 O-O 9. O-O-O Nc5 10. f3 Bd7 11. Ndb5 Qb6 12. a3 Bxc3 13. Nxc3 a5 14. Kb1 Nb3 15. Bf4 e5 16. Bg5 a4 17. Bxf6 gxf6 18. Nd5 Qd8 19. Qf2 Be6 20. Bd3 Nd4 21. f4 Bxd5 22. exd5 f5 23. fxe5 1-0

[Event "AUT-ch Open 2020"]
[Site "Graz"]
[Date "2020.02.21"]
[Round "9.1"]
[White "Godzwon, Iwo"]
[Black "Zverev, Lev"]
[Result "1-0"]
[WhiteElo "2321"]
[BlackElo "1914"]
[Annotator "ChessBase"]
[PlyCount "187"]
[EventDate "2020.02.14"]
[EventType "swiss"]
[EventCountry "AUT"]
[SourceTitle "playchess.com"]
[Source "ChessBase"]
[SourceQuality "1"]

1. e4 e5 2. Nf3 Nc6 3. Bb5 a6 4. Ba4 Nf6 5. O-O Be7 6. Re1 b5 7. Bb3 d6 8. c3 O-O 9. h3 Bb7 10. d4 Re8 11. Nbd2 Bf8 12. a3 h6 13. d5 Nb8 14. Nh2 Nbd7 15. Ng4 Nxg4 16. Qxg4 Nf6 17. Qf3 c6 18. dxc6 Bxc6 19. Nf1 d5 20. Ng3 Ra7 21. exd5 Bxd5 22. Bxd5 Qxd5 23. Qf5 Qe6 24. Be3 Qxf5 25. Nxf5 Rd7 26. a4 Nd5 27. axb5 axb5 28. Ra5 Nxe3 29. Nxe3 Rb8 30. Rd1 Rxd1+ 31. Nxd1 f6 32. Kf1 Kf7 33. Ke2 Ke6 34. Ra6+ Kd7 35. Ne3 Kc7 36. Nd5+ Kd7 37. f3 Bd6 38. Ne3 g6 39. Ra7+ Ke6 40. Rg7 Ra8 41. Rxg6 Ra2 42. Rxh6 Rxb2+ 43. Kd3 Bc5 44. Rg6 Bxe3 45. Kxe3 b4 46. cxb4 Rxb4 47. Rg4 Rb3+ 48. Kf2 f5 49. Rg6+ Kf7 50. Rg5 Kf6 51. h4 f4 52. Kg1 Rb4 53. Rg8 Kf7 54. Rg4 Kf6 55. Kh2 Kf5 56. Rg5+ Kf6 57. Rg8 Rb5 58. Kh3 Rb1 59. Kg4 Rg1 60. Kh5 Kf7 61. Rg4 Kf6 62. Rg6+ Kf7 63. Kh6 Rh1 64. h5 Rh2 65. Rg7+ Ke6 66. Rg4 Kf6 67. Rg5 Rh1 68. Rg6+ Kf7 69. Kg5 Rh2 70. Rf6+ Ke7 71. Ra6 Rxg2+ 72. Kf5 Kf7 73. Ra7+ Kg8 74. Kxe5 Rh2 75. Kf5 Kf8 76. Kg4 Rh1 77. Ra6 Kf7 78. h6 Rb1 79. Kxf4 Rb4+ 80. Kg5 Rb5+ 81. Kg4 Rc5 82. f4 Rb5 83. Ra7+ Kg8 84. f5 Rb1 85. Kg5 Rg1+ 86. Kf6 Rh1 87. Ra8+ Kh7 88. Kf7 Rb1 89. Ra7 Kxh6 90. f6 Kh7 91. Re7 Rg1 92. Kf8+ Kh8 93. Re2 Kh7 94. f7 1-0

[Event "AUT-ch Open 2020"]
[Site "Graz"]
[Date "2020.02.21"]
[Round "9.2"]
[White "Dragnev, Valentin"]
[Black "Meshkovs, Nikita"]
[Result "1-0"]
[WhiteElo "2549"]
[BlackElo "2566"]
[Annotator "TA"]
[PlyCount "65"]
[EventDate "2020.02.14"]
[EventType "swiss"]
[EventCountry "AUT"]
[SourceTitle "playchess.com"]
[Source "ChessBase"]
[SourceQuality "1"]

1. e4 e5 2. Nf3 Nc6 3. Bb5 a6 4. Ba4 Nf6 5. O-O Be7 6. Re1 b5 7. Bb3 d6 8. c3 O-O 9. h3 Bb7 10. d4 Re8 11. Nbd2 exd4 12. cxd4 Na5 13. Bc2 Nd7 14. b3 c5 15. d5 Bf6 16. Rb1 Bc3 17. Re3 b4 18. Bb2 Bxb2 19. Rxb2 Rc8 20. Bd3 Nb6 21. Qf1 Ra8 22. a3 Qf6 23. Ra2 c4 24. Bxc4 Naxc4 25. bxc4 a5 26. Rb3 Na4 27. axb4 axb4 28. Rxb4 Nc5 29. Rxa8 Rxa8 30. e5 dxe5 31. Qb1 Qd6 32. Ng5 Bc8 33. Rb6 1-0

[Event "AUT-ch Open 2020"]
[Site "Graz"]
[Date "2020.02.21"]
[Round "9.2"]
[White "David, Alexandru-Vasile"]
[Black "Androutsopoulos-Agiotatos, Vasil"]
[Result "1-0"]
[WhiteElo "2436"]
[BlackElo "2187"]
[Annotator "ChessBase"]
[PlyCount "65"]
[EventDate "2020.02.14"]
[EventType "swiss"]
[EventCountry "AUT"]
[SourceTitle "playchess.com"]
[Source "ChessBase"]
[SourceQuality "1"]

1. d4 Nf6 2. c4 e6 3. Nc3 Bb4 4. e3 b6 5. Bd3 Bb7 6. Nf3 c5 7. O-O O-O 8. Na4 cxd4 9. exd4 Re8 10. a3 Bf8 11. Bf4 d6 12. Re1 Nbd7 13. Bg3 Rc8 14. b4 h6 15. Nd2 g6 16. Bh4 Be7 17. f3 Nh5 18. Bf2 e5 19. d5 f5 20. Rc1 Bg5 21. Rc2 Rc7 22. Nc3 Ndf6 23. c5 dxc5 24. d6 Rc6 25. bxc5 bxc5 26. Nc4 Ba6 27. Rce2 Nd7 28. Nxe5 Nxe5 29. Bxa6 Qxd6 30. Qxd6 Rxd6 31. Bb5 Nxf3+ 32. gxf3 Rxe2 33. Nxe2 1-0

[Event "AUT-ch Open 2020"]
[Site "Graz"]
[Date "2020.02.21"]
[Round "9.3"]
[White "Santiago, Yago De Moura"]
[Black "Livaic, Leon"]
[Result "1-0"]
[WhiteElo "2488"]
[BlackElo "2492"]
[Annotator "TA"]
[PlyCount "137"]
[EventDate "2020.02.14"]
[EventType "swiss"]
[EventCountry "AUT"]
[SourceTitle "playchess.com"]
[Source "ChessBase"]
[SourceQuality "1"]

1. c4 e6 2. Nf3 d5 3. e3 Nf6 4. b3 c5 5. Bb2 Nc6 6. cxd5 exd5 7. Be2 Bd6 8. O-O O-O 9. d4 Bg4 10. dxc5 Bxc5 11. Nc3 a6 12. Rc1 Ba7 13. Nd4 Bxd4 14. Bxg4 Be5 15. Bf3 Qd6 16. g3 Rad8 17. Bg2 h5 18. Na4 Bxb2 19. Nxb2 Rfe8 20. Na4 Re7 21. Nc5 h4 22. Qc2 hxg3 23. hxg3 Ne5 24. Nd3 Nfg4 25. Nxe5 Qxe5 26. Bf3 Qh5 27. Bxg4 Qxg4 28. Rfd1 d4 29. Rd3 g6 30. Qd1 Qxd1+ 31. Rcxd1 Rc7 32. Rxd4 Rxd4 33. Rxd4 Kf8 34. Kf1 Ke7 35. Ke2 Rc2+ 36. Rd2 Rc1 37. Kd3 Ke6 38. Rc2 Rd1+ 39. Ke2 Ra1 40. Kd3 f5 41. e4 Rd1+ 42. Ke2 Ra1 43. exf5+ gxf5 44. Kf3 Ke5 45. Re2+ Kf6 46. Kf4 Rd1 47. Rc2 Rd4+ 48. Ke3 Rd7 49. Rd2 Re7+ 50. Kf3 Kg5 51. Rd6 Rc7 52. Rb6 Re7 53. a4 Rg7 54. a5 Re7 55. b4 Rg7 56. Ke3 Rd7 57. f4+ Kh5 58. Rf6 Rd5 59. Kf3 Rd3+ 60. Kg2 Rb3 61. Rxf5+ Kg6 62. Rd5 Rxb4 63. Kf3 Rb3+ 64. Kg4 Rb4 65. Rd6+ Kf7 66. Kg5 Ke8 67. f5 Rb5 68. g4 Rxa5 69. Kg6 1-0

[Event "AUT-ch Open 2020"]
[Site "Graz"]
[Date "2020.02.21"]
[Round "9.3"]
[White "Ufimtsev, Egor"]
[Black "Valeanu, Eduard-Andrei"]
[Result "1/2-1/2"]
[WhiteElo "2174"]
[BlackElo "2427"]
[Annotator "ChessBase"]
[PlyCount "75"]
[EventDate "2020.02.14"]
[EventType "swiss"]
[EventCountry "AUT"]
[SourceTitle "playchess.com"]
[Source "ChessBase"]
[SourceQuality "1"]

1. d4 Nf6 2. Nf3 c5 3. d5 e6 4. Nc3 exd5 5. Nxd5 Nxd5 6. Qxd5 Be7 7. Bg5 Nc6 8. c3 d6 9. O-O-O Be6 10. Bxe7 Qxe7 11. Qxd6 Bxa2 12. Qxe7+ Kxe7 13. e4 Bb3 14. Re1 Rhd8 15. Nd2 Be6 16. f4 f6 17. Bc4 Rxd2 18. Bxe6 Rxg2 19. Bd5 Rd8 20. Rhg1 Rxg1 21. Rxg1 g6 22. h4 Kf8 23. Bxc6 bxc6 24. Kc2 Re8 25. Kd3 c4+ 26. Kd4 f5 27. exf5 gxf5 28. Kxc4 Re4+ 29. Kc5 Rxf4 30. Kxc6 Rxh4 31. Rf1 f4 32. c4 Ke7 33. c5 Ke6 34. Kb7 f3 35. Rxf3 Rb4+ 36. Kxa7 Kd5 37. Rh3 Rxb2 38. Rxh7 1/2-1/2

[Event "AUT-ch Open 2020"]
[Site "Graz"]
[Date "2020.02.21"]
[Round "9.4"]
[White "Blohberger, Felix"]
[Black "Socko, Bartosz"]
[Result "1-0"]
[WhiteElo "2448"]
[BlackElo "2619"]
[Annotator "TA"]
[PlyCount "131"]
[EventDate "2020.02.14"]
[EventType "swiss"]
[EventCountry "AUT"]
[SourceTitle "playchess.com"]
[Source "ChessBase"]
[SourceQuality "1"]

1. e4 c5 2. Nf3 e6 3. d4 cxd4 4. Nxd4 Nc6 5. Nc3 Qc7 6. Be3 a6 7. a3 Nf6 8. f4 d5 9. e5 Nd7 10. Qd2 Bc5 11. Qf2 Bxd4 12. Bxd4 O-O 13. Bd3 b5 14. O-O Nxd4 15. Qxd4 Bb7 16. Ne2 f6 17. exf6 gxf6 18. Qe3 Nc5 19. b4 Ne4 20. Ng3 Nxg3 21. Qxe6+ Kh8 22. hxg3 Qg7 23. Rae1 d4 24. Kf2 f5 25. Qe5 Be4 26. Qxg7+ Kxg7 27. Bxe4 fxe4 28. Rxe4 Rac8 29. Re2 Rc3 30. Rd1 Rxa3 31. Rxd4 Rc3 32. Rd6 Rf6 33. Re7+ Kg6 34. Rxf6+ Kxf6 35. Rxh7 Kg6 36. Ra7 Kf5 37. Rxa6 Rxc2+ 38. Kg1 Rb2 39. Rc6 Rxb4 40. Rc5+ Ke4 41. Re5+ Kd4 42. Kf2 Rb3 43. g4 b4 44. g5 Rc3 45. g6 b3 46. g7 Rc8 47. Rb5 Ke4 48. Rxb3 Rg8 49. Rb4+ Kf5 50. Kf3 Rxg7 51. g4+ Kg6 52. Rb6+ Kh7 53. g5 Ra7 54. Kg4 Ra4 55. Rd6 Kg7 56. Re6 Rb4 57. Kf5 Rb5+ 58. Re5 Rb7 59. g6 Rb1 60. Re7+ Kf8 61. Ra7 Rb2 62. Kf6 Rb6+ 63. Kg5 Rb1 64. f5 Rb8 65. Kh6 Kg8 66. f6 1-0

[Event "AUT-ch Open 2020"]
[Site "Graz"]
[Date "2020.02.21"]
[Round "9.4"]
[White "Kucharska, Honorata"]
[Black "Drnovsek, Gal"]
[Result "0-1"]
[WhiteElo "2167"]
[BlackElo "2390"]
[Annotator "ChessBase"]
[PlyCount "118"]
[EventDate "2020.02.14"]
[EventType "swiss"]
[EventCountry "AUT"]
[SourceTitle "playchess.com"]
[Source "ChessBase"]
[SourceQuality "1"]

1. c4 e6 2. Nf3 d5 3. g3 Nf6 4. Bg2 dxc4 5. Qa4+ Bd7 6. Qxc4 c5 7. O-O Bc6 8. d3 Nbd7 9. Qc2 Rc8 10. Nbd2 b5 11. b3 Be7 12. Bb2 O-O 13. e4 Qb6 14. Rad1 Rfd8 15. Qb1 Nb8 16. Ne5 Bb7 17. Ndf3 Ne8 18. Qc1 f6 19. Ng4 Nc6 20. h4 Nd4 21. Rfe1 h5 22. Ngh2 e5 23. Qd2 Nxf3+ 24. Nxf3 c4 25. d4 Nd6 26. d5 b4 27. Bxe5 fxe5 28. Nxe5 c3 29. Qc2 Nb5 30. Bh3 Nd4 31. Rxd4 Qxd4 32. Be6+ Kh7 33. Nf3 Qb6 34. d6 Qxd6 35. e5+ Qd3 36. Bf5+ Kh8 37. Bxd3 Bxf3 38. e6 Rd5 39. Bc4 Rd2 40. Qg6 c2 41. g4 Bxg4 42. Bd3 Rxd3 43. Qxd3 c1=Q 44. Rxc1 Rxc1+ 45. Kg2 Re1 46. f3 Bxe6 47. Qg6 Re5 48. Kg3 Bf6 49. f4 Rc5 50. Qe8+ Bg8 51. Qg6 a5 52. f5 Re5 53. Qxh5+ Bh7 54. Qf3 Bxf5 55. Qc6 Bg6 56. Qb7 Kh7 57. Qc6 Re3+ 58. Kf4 Re4+ 59. Kf3 Rxh4 0-1